| 000 | 01583nam a2200217Ia 4500 | ||
|---|---|---|---|
| 003 | Ost | ||
| 005 | 20260507074958.0 | ||
| 008 | 260507s9999||||xx |||||||||||||| ||und|| | ||
| 020 | _a9774220005 | ||
| 040 | _cfsecg | ||
| 041 | _aara | ||
| 082 | _a387.5 | ||
| 100 |
_aماهر، شريف محمد _eمؤلف |
||
| 245 | 0 |
_aإدارة النقل البحري (التجارة الخطية) فعاليات التطبيق - متطلبات الريادة / _c شريف محمد ماهر |
|
| 260 |
_aالاسكندرية: _bالدار الجامعية, _c2006 |
||
| 300 |
_a349 صفحة؛ _bإيضاحات ؛ _c24 سم |
||
| 504 | _aببليوغرافيا:ص.343-349؛ كشاف المصطلحات:ص.9-10 | ||
| 520 | _aالتجارة العالمية البحرية،المؤتمرات الملاحية واستراتيجيات التجارة البحرية،الجوانب التطبيقية لعمل التجارة البحرية،الحاويات وأثارها على التجارة الخطية والنقل متعدد الوسائط،قواعد سلوك النقل البحري وقرارات شركات التجارة الخطية،تنظيم شركات الخدمات الخطية وعقود إدارتها وتشغيلها،تسويق الخدمات الخطية في النقل البحري،شرح البيوع التجارية الدولية،تصورات النقل البحري حتى عام 2020،نظم تبادل المعلومات إلكترونيا في مجال النقل المتعدد الوسائط | ||
| 653 | _aالنقل البحري | ||
| 942 | _cكتاب | ||
| 999 |
_c42044 _d42044 |
||